| 000 | 01248cam a22001934a 4500 | ||
|---|---|---|---|
| 005 | 20250605163926.0 | ||
| 008 | 250528s ||||||||||||||||||||||||d | ||
| 035 | _a14544 | ||
| 040 |
_aGR-AtMCL _bgre _dGR-AtMCL _eAACR2 |
||
| 245 | 1 | _aPsychology and Life / Seventh Edition | |
| 250 | _a7th | ||
| 260 |
_bScott, Foresman And Company, _c1967 |
||
| 300 | _a760 | ||
| 520 | _aOne Man Studies Himself, What Psychology Is and Does, The Biological Bases of Behavior, How and Why People Differ, The Development of Behavior, Clinical Approaches to Personality, Psychometric Approaches to Personality, How People Change Through Learning, Defining and Measuring Learning and Retention, The Management of Learning and Retention, Knowing The World, Stimulation and Sensation, Observation and Action, Thinking and Deciding, Adjustment and Maladjustment, Motivation and Drive, Emotion, Reactions to Frustration, Mental Health and Therapy, Psychological Factors in Social Living, The Individual and Group, Communication and Persuasion, Reference Manual, Basic Concepts in Statistics, Frontiers in Psychology, Acknowledgements, References, Glossary, Name Index, Subject Index. | ||
| 700 | 1 |
_aRuch Floyd L _9250 |
|
| 942 | _cBK | ||
| 999 |
_c169 _d169 |
||